Adolescencia (Record no. 209473)

MARC details
000 -CABECERA
campo de control de longitud fija 00813nam a2200265 a 4500
005 - FECHA Y HORA DE LA ÚLTIMA TRANSACCIÓN
campo de control 20240910064024.0
008 - ELEMENTOS DE LONGITUD FIJA--INFORMACIÓN GENERAL
campo de control de longitud fija 991125r19961976mx 000 0 spa u
020 ## - NÚMERO INTERNACIONAL NORMALIZADO PARA LIBROS
Número Internacional Estándar del Libro 9681801016
040 ## - FUENTE DE LA CATALOGACIÓN
Centro catalogador/agencia de origen MX-MxUPN
Lengua de catalogación spa
Centro/agencia transcriptor MX-MxUPN
041 1# - CÓDIGO DE IDIOMA
Código de lengua del texto/banda sonora o título independiente spa
Código de lengua original eng
050 #4 - SIGNATURA TOPOGRÁFICA DE LA BIBLIOTECA DEL CONGRESO
Número de clasificación LB1135
Número de documento/Ítem G728 1976
100 1# - ASIENTO PRINCIPAL--NOMBRE PERSONAL
Nombre de persona Grinder, Robert E.,
9 (RLIN) 48902
Fechas asociadas al nombre 1929-
240 10 - TÍTULO UNIFORME
Título uniforme Adolescence.
Lenguaje de la obra Español
245 10 - MENCIÓN DE TÍTULO
Título Adolescencia
260 ## - PUBLICACIÓN, DISTRIBUCIÓN, ETC.
Lugar de publicación, distribución, etc. México, D.F. :
Nombre del editor, distribuidor, etc. Limusa,
Fecha de publicación, distribución, etc. 1976 (Reimpresión, 1996).
300 ## - DESCRIPCIÓN FÍSICA
Extensión 579 páginas :
Otras características físicas ilustraciones, tablas
500 ## - NOTA GENERAL
Nota general Traducción de: Adolescence.
650 #4 - ASIENTO SECUNDARIO DE MATERIA - TERMINO TEMATICO
Término de materia o nombre geográfico como elemento de entrada Adolescencia
9 (RLIN) 1008
650 #2 - ASIENTO SECUNDARIO DE MATERIA - TERMINO TEMATICO
Término de materia o nombre geográfico como elemento de entrada Pubertad
9 (RLIN) 14834
650 #4 - ASIENTO SECUNDARIO DE MATERIA - TERMINO TEMATICO
Término de materia o nombre geográfico como elemento de entrada Psicología del adolescente
9 (RLIN) 1013
700 1# - ASIENTO SECUNDARIO--NOMBRE DE PERSONAL
Nombre de persona Arboli Gascón, Manuel
Término indicativo de función/relación traducción
9 (RLIN) 48638
902 ## - ELEMENTOS DE DATOS B LOCAL, LDB (RLIN)
Modificó NoemiAcosta/170423
905 ## - TIPO DE MATERIAL
Tipo de material Libro
942 ## - ELEMENTOS DE PUNTO DE ACCESO ADICIONAL (KOHA)
Fuente del sistema de clasificación o colocación Library of Congress Classification
Tipo de ítem Koha Libro
Holdings
Estado de retiro Estado de pérdida Fuente del sistema de clasificación o colocación Estado dañado No para préstamo Código de colección Localización permanente Ubicación/localización actual Ubicación en estantería Fecha de adquisición Total de préstamos Clasificación Código de barras Fecha visto por última vez Fecha del último préstamo Precio válido a partir de Tipo de ítem Koha
    Library of Congress Classification     Colección General Bib. Gregorio Torres Quintero Bib. Gregorio Torres Quintero Planta baja 17/04/2023 1 LB1135 G728 1976 333998 26/03/2026 17/03/2026 17/04/2023 Libro